000 006260000a22001810004500
003 MACL
005 20160204174446.0
008 160204b xxu||||| |||| 00| 0 eng d
040 _aMACL
_cMACL
041 _aSanskrit
082 _a020
100 _aअग्रवाल रयामसुन्‍दर
_936937
245 _aग्रन्‍थालय सूचीकरण एक अघ्‍ययन
260 _bमध्‍यप्रदेश हिन्‍दी ग्रन्‍थ्‍ज्ञ
_aउज्‍जैन
350 _a24
650 _aLibrary & Science
_957
942 _cHIN
_k301
_2ddc
999 _c27759
_d27759